De-ammoniation of skim latex using a new desorption column (Record no. 56733)

MARC details
000 -LEADER
fixed length control field 00402nam a2200133Ia 4500
100 ## - MAIN ENTRY--AUTHOR NAME
Personal name Sethu S
245 #0 - TITLE STATEMENT
Title De-ammoniation of skim latex using a new desorption column
260 ## - PUBLICATION, DISTRIBUTION, ETC. (IMPRINT)
Name of publisher Proceedings of the RRIM Planters Conference, Kuala Lumpur, 1973; p381-401
650 ## - SUBJECT ADDED ENTRY--TOPICAL TERM
Topical Term De-ammoniation
650 ## - SUBJECT ADDED ENTRY--TOPICAL TERM
Topical Term Skim latex
700 ## - ADDED ENTRY--PERSONAL NAME
Personal name Subbiah R M
942 ## - ADDED ENTRY ELEMENTS (KOHA)
Koha item type Journals
Holdings
Withdrawn status Lost status Damaged status Not for loan Home library Current library Shelving location Date acquired Koha item type
      Journals RRII Library RRII Library Rubber chemistry 17/12/2021 Journals